|
|
|
|
| LEADER |
00933nam a2200241 a 4500 |
| 001 |
000606303 |
| 003 |
CZ BrMZK |
| 005 |
20140306105434.0 |
| 007 |
ta |
| 008 |
020614s1963 xo f slo d |
| 040 |
|
|
|a BOA001
|b cze
|c BOA001
|
| 041 |
1 |
|
|a slo
|h cze
|
| 100 |
1 |
|
|a Skoupil, Jan
|7 jk01111596
|4 aut
|
| 245 |
1 |
0 |
|a Technológia pre 1. ročník odborných učilišť a učňovských škôl, učebný odbor cukrár - 1204 /
|c Jan Skoupil
|
| 250 |
|
|
|a 2. vyd.
|
| 260 |
|
|
|a Bratislava :
|b Slovenské pedagogické nakladateľstvo,
|c 1963
|
| 300 |
|
|
|a 202 s.
|
| 500 |
|
|
|a Přeloženo z češtiny?
|
| 910 |
|
|
|a BOA001
|b PK-0032.481
|b 2-0489.909
|
| 964 |
|
|
|a Cukrářství - technologie - učebnice - školy učňovské
|
| 990 |
|
|
|a BK
|
| 996 |
7 |
|
|b 2619058772
|c 2-0489.909
|l MZK
|r Sklad / do 24 hodin
|n 0
|w 000606303
|u 000020
|a 1
|e BOA001
|j MZK50
|s A
|
| 996 |
6 |
|
|b BC-32212
|c PK-0032.481
|l MZK
|r Sklad / do 1 hodiny
|n 0
|w 000606303
|u 000010
|a 1
|e BOA001
|j MZK50
|s P
|